Quiz do Burundi - Statistics

Estatísticas Gerais
  • Esse quiz foi jogado 439 vezes
  • A pontuação média é 10 de 19
Estatísticas das Respostas
Dica Resposta % Correto
Países fazendo fronteira com o Burundi Ruanda
85%
Países fazendo fronteira com o Burundi R. D. do Congo
81%
Países fazendo fronteira com o Burundi Tanzânia
80%
Línguas oficiais Inglês
78%
Línguas oficiais Francês
77%
Outro país que colonizou o Burundi Alemanha
76%
País do qual Burundi ganhou sua independência em 1962 Bélgica
71%
Capital Gitega
60%
Maior cidade e antiga capital Bujumbura
49%
Moeda oficial Franco
46%
Línguas oficiais Kirundi
45%
Língua franca da região Suaíli
42%
Burundi faz fronteira com este lago, o segundo mais antigo do mundo Lago Tanganica
41%
Os dois maiores tipos de exportações do Burundi Ouro
40%
Os dois maiores tipos de exportações do Burundi Café
38%
Os três grupos étnicos nativos do Burundi Tútsi
37%
Os três grupos étnicos nativos do Burundi Hútu
36%
Vale onde o Burundi fica Vale do {Rift}
29%
Os três grupos étnicos nativos do Burundi Twa
18%
Nenhum quiz correspondente encontrado
Distribuição das Pontuações
Porcentagem de Pessoas com Cada Pontuação
Percentil de Números Respondidos
Sua Pontuação Histórica
Você não jogou esse quiz